000 01187cam a2200193 4500
001 6934
020 _a0750658525
082 0 4 _a332.042
_221
100 1 _aBishop, Eric
245 1 0 _aFinance of international trade /
_cEric Bishop
260 _aOxford ;
_aBurlington, MA :
_bElsevier Butterworth-Heinemann,
_c2004
300 _axiv, 268 p. :
_bill. ;
_c24 cm
440 0 _aEssential capital markets
504 _aIncludes bibliographical references (p. [198]) and index
505 _aPrinciple players; Cross-border trading; Contracts; Incoterms; Methods of Payment; Bills for Collection; Uniform Rules for Collections; The Irrevocable Documentary Credit; Guarantees; Standby Letters of Credit; International Standby Practices (ISP98); Uniform Rules for Demand Guarantees; Short Term Credit Insurance; Marine Insurance; Foreign Exchange Risk; Special Types of Credits; Financing; Forfeiting; Countertrade; Electronic Commerce for International Trade Settlement; Prevention of Fraud in International Trade; Appendices.Now updated to include the UCP600.
_g
_r
_t
650 0 _aInternational finance
650 0 _aInternational trade
_xFinance
999 _c5870
_d5870